Cultura General #3 - Statistics

General Stats
  • This quiz has been taken 735 times
  • The average score is 12 of 15
Answer Stats
Hint Answer % Correct
¿Qué país tiene como capital a Buenos Aires? Argentina
100%
¿Qué empresa es conocida por crear el iPhone? Apple
99%
¿Qué país tiene forma de bota? Italia
97%
¿En qué año comenzó la pandemia de COVID-19? 2019
96%
¿En qué continente está el desierto de Sahara? África
95%
¿En qué saga de películas se encuentra el personaje de "Darth Vader"? Star Wars
95%
¿Quién es conocido como el "Rey del Pop"? Michael Jackson
93%
¿En qué continente se encuentra Brasil? América del Sur
91%
¿En qué película de Pixar aparece el personaje de Woody? Toy Story
91%
¿Dónde se celebraron los Juegos Olímpicos de 2024? París
84%
¿Qué actor interpretó a "Thor" en el Universo Cinematográfico de Marvel? Chris Hemsworth
64%
¿Qué famoso director creó la saga de "Jurassic Park"? Steven Spielberg
53%
¿Quién es el personaje principal en los libros de Arthur Conan Doyle? Sherlock Holmes
42%
¿Qué famosa cantante lanzó el álbum "30" en 2021? Adele
41%
¿Quién escribió "El Principito"? Antoine de Saint-Exupéry
31%
No matching quizzes found
Score Distribution
Percent of People with Each Score
Percentile by Number Answered
Your Score History
You have not taken this quiz